000 00295nam a22001217a 4500
008 170823b xxu||||| |||| 00| 0 eng d
041 _aeng
080 _a51
100 _a38
101 _aMAT
245 _aMAT 113 ELEMENTS OF CRAUDER.B MATHEMATICD REASONING
_cCRAUDER.B
942 _2udc
_cBK
999 _c24679
_d24679